<?xml version="1.0" encoding="UTF-8"?>
<record
    xmlns:xsi="http://www.w3.org/2001/XMLSchema-instance"
    xsi:schemaLocation="http://www.loc.gov/MARC21/slim http://www.loc.gov/standards/marcxml/schema/MARC21slim.xsd"
    xmlns="http://www.loc.gov/MARC21/slim">

  <leader>01290nam a22002417a 4500</leader>
  <datafield tag="999" ind1=" " ind2=" ">
    <subfield code="c">21121</subfield>
    <subfield code="d">21121</subfield>
  </datafield>
  <controlfield tag="003">AR-CdUCM</controlfield>
  <controlfield tag="008">190318b           ||||| |||| 00| 0 spa d</controlfield>
  <datafield tag="020" ind1=" " ind2=" ">
    <subfield code="a">84-02-06775-1</subfield>
  </datafield>
  <datafield tag="040" ind1=" " ind2=" ">
    <subfield code="a">MUNICIPALIDAD PROVINCIAL DEL CUSCO</subfield>
    <subfield code="c">BIBLIOTECA MUNICIPAL DEL CUSCO</subfield>
  </datafield>
  <datafield tag="082" ind1=" " ind2=" ">
    <subfield code="a">940.53 /</subfield>
    <subfield code="b">Z67</subfield>
  </datafield>
  <datafield tag="100" ind1=" " ind2=" ">
    <subfield code="a">Zentner, Kurt</subfield>
  </datafield>
  <datafield tag="245" ind1=" " ind2=" ">
    <subfield code="a">Grandes Guerras de nuestro tiempo /</subfield>
    <subfield code="b">Bruguera</subfield>
  </datafield>
  <datafield tag="260" ind1=" " ind2=" ">
    <subfield code="a">Barcelona : </subfield>
    <subfield code="b">Bruguera, </subfield>
    <subfield code="c">1980.</subfield>
  </datafield>
  <datafield tag="300" ind1=" " ind2=" ">
    <subfield code="a">15 vol&#xFA;menes</subfield>
    <subfield code="c">27 cm.</subfield>
  </datafield>
  <datafield tag="440" ind1=" " ind2=" ">
    <subfield code="a">Grandes guerras de nuestro tiempo</subfield>
    <subfield code="9">18322</subfield>
  </datafield>
  <datafield tag="505" ind1=" " ind2=" ">
    <subfield code="a">Contenido : v.1 : El tercer Reich I -- v.2 : El tercer Reich II -- v.3 : El tercer Reich III -- v.4 : La segunda Guerra mundial I-- v.5 :  La segunda Guerra mundial II -- v.6 --  La segunda Guerra mundial III -- V.7 : La Resistencia I -- V.8 : La Resistencia II -- V.9 : La Resistencia III -- v.10 : Esp&#xED;as, Agentes y Soldados I -- v.11 : Esp&#xED;as, Agentes y Soldados II -- V.12 : Esp&#xED;as, Agentes y Soldados III -- V.13 : Las Guerras de la Postguerra I -- v.14 : Las Guerras de la Postguerra II -- v.15 : Las Guerras de la Postguerra III... </subfield>
  </datafield>
  <datafield tag="650" ind1=" " ind2=" ">
    <subfield code="a">Guerra Mundial, 1939-1945</subfield>
    <subfield code="9">18335</subfield>
  </datafield>
  <datafield tag="650" ind1=" " ind2=" ">
    <subfield code="a">Movimientos nasi</subfield>
    <subfield code="9">18379</subfield>
  </datafield>
  <datafield tag="650" ind1=" " ind2=" ">
    <subfield code="a">Segunda guerra mundial</subfield>
    <subfield code="9">44031</subfield>
  </datafield>
  <datafield tag="650" ind1=" " ind2=" ">
    <subfield code="a">Postguerra</subfield>
    <subfield code="9">37054</subfield>
  </datafield>
  <datafield tag="942" ind1=" " ind2=" ">
    <subfield code="2">ddc</subfield>
    <subfield code="c">LIBROS</subfield>
  </datafield>
  <datafield tag="945" ind1=" " ind2=" ">
    <subfield code="a">rum</subfield>
  </datafield>
  <datafield tag="952" ind1=" " ind2=" ">
    <subfield code="0">0</subfield>
    <subfield code="2">ddc</subfield>
    <subfield code="4">0</subfield>
    <subfield code="7">0</subfield>
    <subfield code="a">SH</subfield>
    <subfield code="b">SH</subfield>
    <subfield code="c">CART</subfield>
    <subfield code="d">2019-10-22</subfield>
    <subfield code="g">60.00</subfield>
    <subfield code="o">086.940 / B85 / v.1</subfield>
    <subfield code="p">SH0000007402</subfield>
    <subfield code="r">2019-10-22</subfield>
    <subfield code="y">LIBROS</subfield>
  </datafield>
  <datafield tag="952" ind1=" " ind2=" ">
    <subfield code="0">0</subfield>
    <subfield code="2">ddc</subfield>
    <subfield code="4">0</subfield>
    <subfield code="7">0</subfield>
    <subfield code="a">SH</subfield>
    <subfield code="b">SH</subfield>
    <subfield code="c">CART</subfield>
    <subfield code="d">2019-10-22</subfield>
    <subfield code="g">60.00</subfield>
    <subfield code="o">086.940 / B85 / v.2</subfield>
    <subfield code="p">SH0000007403</subfield>
    <subfield code="r">2019-10-22</subfield>
    <subfield code="y">LIBROS</subfield>
  </datafield>
  <datafield tag="952" ind1=" " ind2=" ">
    <subfield code="0">0</subfield>
    <subfield code="2">ddc</subfield>
    <subfield code="4">0</subfield>
    <subfield code="7">0</subfield>
    <subfield code="a">SH</subfield>
    <subfield code="b">SH</subfield>
    <subfield code="c">CART</subfield>
    <subfield code="d">2019-10-22</subfield>
    <subfield code="g">60.00</subfield>
    <subfield code="o">086.940 / B85 / v.3</subfield>
    <subfield code="p">SH0000007404</subfield>
    <subfield code="r">2019-10-22</subfield>
    <subfield code="y">LIBROS</subfield>
  </datafield>
  <datafield tag="952" ind1=" " ind2=" ">
    <subfield code="0">0</subfield>
    <subfield code="2">ddc</subfield>
    <subfield code="4">0</subfield>
    <subfield code="7">0</subfield>
    <subfield code="a">SH</subfield>
    <subfield code="b">SH</subfield>
    <subfield code="c">CART</subfield>
    <subfield code="d">2019-10-22</subfield>
    <subfield code="g">60.00</subfield>
    <subfield code="o">086.940 / B85 / v.5</subfield>
    <subfield code="p">SH0000007394</subfield>
    <subfield code="r">2019-10-22</subfield>
    <subfield code="y">LIBROS</subfield>
  </datafield>
  <datafield tag="952" ind1=" " ind2=" ">
    <subfield code="0">0</subfield>
    <subfield code="2">ddc</subfield>
    <subfield code="4">0</subfield>
    <subfield code="7">0</subfield>
    <subfield code="a">SH</subfield>
    <subfield code="b">SH</subfield>
    <subfield code="c">CART</subfield>
    <subfield code="d">2019-10-22</subfield>
    <subfield code="g">60.00</subfield>
    <subfield code="o">086.940 / B85 / v.6</subfield>
    <subfield code="p">SH0000007395</subfield>
    <subfield code="r">2019-10-22</subfield>
    <subfield code="y">LIBROS</subfield>
  </datafield>
  <datafield tag="952" ind1=" " ind2=" ">
    <subfield code="0">0</subfield>
    <subfield code="2">ddc</subfield>
    <subfield code="4">0</subfield>
    <subfield code="7">0</subfield>
    <subfield code="a">SH</subfield>
    <subfield code="b">SH</subfield>
    <subfield code="c">CART</subfield>
    <subfield code="d">2019-10-22</subfield>
    <subfield code="g">60.00</subfield>
    <subfield code="o">086.940 / B85 / v.7</subfield>
    <subfield code="p">SH0000007396</subfield>
    <subfield code="r">2019-10-22</subfield>
    <subfield code="y">LIBROS</subfield>
  </datafield>
  <datafield tag="952" ind1=" " ind2=" ">
    <subfield code="0">0</subfield>
    <subfield code="2">ddc</subfield>
    <subfield code="4">0</subfield>
    <subfield code="7">0</subfield>
    <subfield code="a">SH</subfield>
    <subfield code="b">SH</subfield>
    <subfield code="c">CART</subfield>
    <subfield code="d">2019-10-22</subfield>
    <subfield code="g">60.00</subfield>
    <subfield code="o">086.940 / B85 / v.8</subfield>
    <subfield code="p">SH0000007397</subfield>
    <subfield code="r">2019-10-22</subfield>
    <subfield code="y">LIBROS</subfield>
  </datafield>
  <datafield tag="952" ind1=" " ind2=" ">
    <subfield code="0">0</subfield>
    <subfield code="2">ddc</subfield>
    <subfield code="4">0</subfield>
    <subfield code="7">0</subfield>
    <subfield code="a">SH</subfield>
    <subfield code="b">SH</subfield>
    <subfield code="c">CART</subfield>
    <subfield code="d">2019-10-22</subfield>
    <subfield code="g">60.00</subfield>
    <subfield code="o">086.940 / B85 / v.9</subfield>
    <subfield code="p">SH0000007398</subfield>
    <subfield code="r">2019-10-22</subfield>
    <subfield code="y">LIBROS</subfield>
  </datafield>
  <datafield tag="952" ind1=" " ind2=" ">
    <subfield code="0">0</subfield>
    <subfield code="2">ddc</subfield>
    <subfield code="4">0</subfield>
    <subfield code="7">0</subfield>
    <subfield code="a">SH</subfield>
    <subfield code="b">SH</subfield>
    <subfield code="c">CART</subfield>
    <subfield code="d">2019-10-22</subfield>
    <subfield code="g">60.00</subfield>
    <subfield code="o">086.940 / B85 / v.10</subfield>
    <subfield code="p">SH0000007399</subfield>
    <subfield code="r">2019-10-22</subfield>
    <subfield code="y">LIBROS</subfield>
  </datafield>
  <datafield tag="952" ind1=" " ind2=" ">
    <subfield code="0">0</subfield>
    <subfield code="2">ddc</subfield>
    <subfield code="4">0</subfield>
    <subfield code="7">0</subfield>
    <subfield code="a">SH</subfield>
    <subfield code="b">SH</subfield>
    <subfield code="c">CART</subfield>
    <subfield code="d">2019-10-22</subfield>
    <subfield code="g">60.00</subfield>
    <subfield code="o">086.940 / B85 / v.11</subfield>
    <subfield code="p">SH0000007400</subfield>
    <subfield code="r">2019-10-22</subfield>
    <subfield code="y">LIBROS</subfield>
  </datafield>
  <datafield tag="952" ind1=" " ind2=" ">
    <subfield code="0">0</subfield>
    <subfield code="2">ddc</subfield>
    <subfield code="4">0</subfield>
    <subfield code="7">0</subfield>
    <subfield code="a">SH</subfield>
    <subfield code="b">SH</subfield>
    <subfield code="c">CART</subfield>
    <subfield code="d">2019-10-22</subfield>
    <subfield code="g">60.00</subfield>
    <subfield code="o">086.940 / B85 / v.12</subfield>
    <subfield code="p">SH0000007401</subfield>
    <subfield code="r">2019-10-22</subfield>
    <subfield code="y">LIBROS</subfield>
  </datafield>
  <datafield tag="952" ind1=" " ind2=" ">
    <subfield code="0">0</subfield>
    <subfield code="2">ddc</subfield>
    <subfield code="4">0</subfield>
    <subfield code="7">0</subfield>
    <subfield code="a">SH</subfield>
    <subfield code="b">SH</subfield>
    <subfield code="c">CART</subfield>
    <subfield code="d">2019-10-22</subfield>
    <subfield code="g">60.00</subfield>
    <subfield code="o">086.940 / B85 / v.13</subfield>
    <subfield code="p">SH0000007405</subfield>
    <subfield code="r">2019-10-22</subfield>
    <subfield code="y">LIBROS</subfield>
  </datafield>
  <datafield tag="952" ind1=" " ind2=" ">
    <subfield code="0">0</subfield>
    <subfield code="2">ddc</subfield>
    <subfield code="4">0</subfield>
    <subfield code="7">0</subfield>
    <subfield code="a">SH</subfield>
    <subfield code="b">SH</subfield>
    <subfield code="c">CART</subfield>
    <subfield code="d">2019-10-22</subfield>
    <subfield code="g">60.00</subfield>
    <subfield code="o">086.940 / B85 / v.14</subfield>
    <subfield code="p">SH0000007406</subfield>
    <subfield code="r">2019-10-22</subfield>
    <subfield code="y">LIBROS</subfield>
  </datafield>
  <datafield tag="952" ind1=" " ind2=" ">
    <subfield code="0">0</subfield>
    <subfield code="2">ddc</subfield>
    <subfield code="4">0</subfield>
    <subfield code="7">0</subfield>
    <subfield code="a">SH</subfield>
    <subfield code="b">SH</subfield>
    <subfield code="c">CART</subfield>
    <subfield code="d">2019-10-22</subfield>
    <subfield code="g">60.00</subfield>
    <subfield code="o">086.940 / B85 / v.15</subfield>
    <subfield code="p">SH0000007407</subfield>
    <subfield code="r">2019-10-22</subfield>
    <subfield code="y">LIBROS</subfield>
  </datafield>
  <datafield tag="952" ind1=" " ind2=" ">
    <subfield code="0">0</subfield>
    <subfield code="2">ddc</subfield>
    <subfield code="4">0</subfield>
    <subfield code="7">0</subfield>
    <subfield code="a">SH</subfield>
    <subfield code="b">SH</subfield>
    <subfield code="c">CART</subfield>
    <subfield code="d">2019-10-22</subfield>
    <subfield code="g">60.00</subfield>
    <subfield code="o">086.940 / B85 / v.4</subfield>
    <subfield code="p">SH0000007393</subfield>
    <subfield code="r">2019-10-22</subfield>
    <subfield code="y">LIBROS</subfield>
  </datafield>
</record>
